Consumer demand, "full income", and real wages.
Model spotrebiteľského správania sa, v ktorom príjmy a voľný čas sú vybrané simultánne. Systém vyrovnávania spotrebiteľského dopytu, v ktorom spotrebiteľský dopyt je závislý na "plnom príjme", relatívnych cenách a miere reálnych miezd.
Gespeichert in:
| 1. Verfasser: | |
|---|---|
| Format: | Buchkapitel |
| Sprache: | Englisch |
| Schlagworte: | |
| Tags: |
Keine Tags, Fügen Sie das erste Tag hinzu!
|
MARC
| LEADER | 00000naa a2200000 4500 | ||
|---|---|---|---|
| 001 | r011046 | ||
| 005 | 20221130112724.2 | ||
| 041 | 0 | |a eng | |
| 044 | |a AT | ||
| 245 | 1 | 0 | |a Consumer demand, "full income", and real wages. |c K. Dowd |
| 520 | |a Model spotrebiteľského správania sa, v ktorom príjmy a voľný čas sú vybrané simultánne. Systém vyrovnávania spotrebiteľského dopytu, v ktorom spotrebiteľský dopyt je závislý na "plnom príjme", relatívnych cenách a miere reálnych miezd. | ||
| 610 | 2 | 0 | |a dopyt spotrebiteľský |
| 610 | 2 | 0 | |a modely dopytu |
| 610 | 2 | 0 | |a spotrebitelia |
| 610 | 2 | 0 | |a správanie |
| 610 | 2 | 0 | |a príjmy |
| 610 | 2 | 0 | |a čas voľný |
| 610 | 2 | 0 | |a ceny |
| 610 | 2 | 0 | |a mzdy reálne |
| 610 | 2 | 0 | |a testy |
| 100 | 1 | |a Dowd, K. | |